| 000 | 00541nam a22001697a 4500 | ||
|---|---|---|---|
| 003 | a | ||
| 005 | 20250410112550.0 | ||
| 008 | 250410b xxu||||| |||| 00| 0 eng d | ||
| 082 |
_aM 551 Ri544 2009 _bE12539 |
||
| 100 | _aRide, Sally/ O;Shaughnessy, Tam | ||
| 245 |
_aMission planet earth: _bour world and it's climate- and how humans are changing them/ _cSally Ride & Tam Shaughnessy |
||
| 260 |
_aNew York: _bRoaring Brook Press: _cc2009 |
||
| 300 |
_a80 pp. _billustratted _c21 cm |
||
| 648 | _2Planet | ||
| 650 | _2Earth | ||
| 942 |
_2ddc _cBK |
||
| 999 |
_c367379 _d367379 |
||